[Event "Sant Adria op 14th"]
[Site "Sant Adria de Besos"]
[Date "2018.04.15"]
[Round "1.5"]
[White "Seijas Castro, Pedro"]
[Black "Serrano Pertinez, Miquel"]
[Result "0-1"]
[WhiteElo "1885"]
[BlackElo "2233"]
[PlyCount "68"]
[EventDate "2018.04.15"]
[EventType "swiss"]
[EventRounds "9"]
[EventCountry "ESP"]
[SourceTitle "EXT 2024"]
[Source "ChessBase"]
[SourceDate "2023.10.10"]
[SourceVersion "1"]
[SourceVersionDate "2023.10.10"]
[SourceQuality "1"]

1. d4 e6 2. Nf3 c5 3. c3 Nc6 4. g3 d5 5. Bg2 Nf6 6. 0-0 Qb6 7. Qb3 Qxb3 8. axb3 cxd4 9. cxd4 Be7 10. Nc3 0-0 11. Bg5 h6 12. Bxf6 Bxf6 13. e3 Bd7 14. Rfc1 Rfc8 15. Ne1 b6 16. Na2 Na5 17. b4 Nb3 18. Rxc8+ Rxc8 19. Rd1 Be7 20. Bf1 f6 21. Bd3 a5 22. bxa5 bxa5 23. Bc2 Rb8 24. Bxb3 Rxb3 25. Nd3 Be8 26. Rd2 Bg6 27. Nf4 Bf5 28. h3 g5 29. Nc1 Rb6 30. g4 Bb4 31. Re2 gxf4 32. gxf5 Rc6 33. Nd3 f3 34. fxe6 fxe2 0-1

[Event "Sant Adria de Besos op 12th"]
[Site "Sant Adria de Besos"]
[Date "2016.05.29"]
[Round "6"]
[White "Seijas Castro, Pedro"]
[Black "Molinero Martin, Joan"]
[Result "0-1"]
[WhiteElo "1904"]
[BlackElo "2160"]
[PlyCount "72"]
[EventDate "2016.04.10"]
[EventType "swiss"]
[EventRounds "9"]
[EventCountry "ESP"]
[SourceTitle "EXT 2017"]
[Source "ChessBase"]
[SourceDate "2016.10.25"]
[SourceVersion "1"]
[SourceVersionDate "2016.10.25"]
[SourceQuality "1"]

1. d4 Nf6 2. c4 g6 3. Nc3 d5 4. e3 Bg7 5. Qb3 c6 6. Nf3 0-0 7. Be2 b6 8. 0-0 Bb7 9. Bd2 e6 10. a4 Nbd7 11. Rfd1 Ne4 12. Be1 Ba6 13. Qc2 Nxc3 14. Qxc3 c5 15. b3 Rc8 16. Rac1 Qe7 17. Qb2 cxd4 18. exd4 dxc4 19. bxc4 Rfd8 20. a5 Rb8 21. Qa2 Bb7 22. axb6 axb6 23. Qb3 Ra8 24. Bb4 Qe8 25. c5 bxc5 26. dxc5 Bc6 27. Rd6 Bd5 28. Bc4 Bxf3 29. Qxf3 Ne5 30. Qe4 Qa4 31. f4 Qxb4 32. fxe5 Qxc5+ 33. Kf1 Bxe5 34. Rxe6 Ra2 35. Qh4 Rdd2 36. Qe1 Rf2+ 0-1

[Event "Sant Adria de Besos op 12th"]
[Site "Sant Adria de Besos"]
[Date "2016.04.10"]
[Round "1"]
[White "Ramirez Garcia, Jorge Alberto"]
[Black "Seijas Castro, Pedro"]
[Result "1-0"]
[WhiteElo "2326"]
[BlackElo "1904"]
[PlyCount "93"]
[EventDate "2016.04.10"]
[EventType "swiss"]
[EventRounds "9"]
[EventCountry "ESP"]
[SourceTitle "EXT 2017"]
[Source "ChessBase"]
[SourceDate "2016.10.25"]
[SourceVersion "1"]
[SourceVersionDate "2016.10.25"]
[SourceQuality "1"]

1. b3 Nf6 2. Bb2 g6 3. f4 Bg7 4. Nf3 0-0 5. g3 d6 6. Bg2 Nc6 7. 0-0 Bg4 8. d3 Qd7 9. e4 Bxf3 10. Qxf3 e5 11. fxe5 dxe5 12. h3 Nd4 13. Qf2 Nh5 14. Bxd4 Qxd4 15. Qxd4 exd4 16. g4 Ng3 17. Re1 Be5 18. Nd2 h5 19. Nf3 Rae8 20. Kf2 Bf4 21. Nxd4 Be5 22. Nf3 Bxa1 23. Rxa1 Nxe4+ 24. dxe4 Rxe4 25. gxh5 Rfe8 26. Bf1 gxh5 27. Bd3 R4e6 28. Rg1+ Kf8 29. Rg5 Rh6 30. Nd4 Rf6+ 31. Nf5 h4 32. Rh5 Kg8 33. Rxh4 Re5 34. Rh5 Ra5 35. a4 c6 36. Kg3 Rg6+ 37. Kh4 Kf8 38. Rh8+ Rg8 39. Rxg8+ Kxg8 40. Kg5 Re5 41. Bc4 b5 42. Kf6 Rxf5+ 43. Kxf5 bxc4 44. bxc4 Kg7 45. c5 Kf8 46. Kf6 Kg8 47. h4 1-0

[Event "Sant Adria de Besos op 11th"]
[Site "Sant Adria de Besos"]
[Date "2015.04.12"]
[Round "1.8"]
[White "Tarrago Domingo, Miguel"]
[Black "Seijas Castro, Pedro"]
[Result "0-1"]
[WhiteElo "2120"]
[BlackElo "1849"]
[PlyCount "88"]
[EventDate "2015.04.12"]
[EventType "swiss"]
[EventRounds "9"]
[EventCountry "ESP"]
[SourceTitle "EXT 2024"]
[Source "ChessBase"]
[SourceDate "2023.10.10"]
[SourceVersion "1"]
[SourceVersionDate "2023.10.10"]
[SourceQuality "1"]

1. Nf3 d5 2. d4 Nf6 3. g3 c6 4. Bg2 e6 5. 0-0 Be7 6. Nbd2 0-0 7. c4 Nbd7 8. b3 Re8 9. Bb2 Nf8 10. Qc2 Bd7 11. e4 Nxe4 12. Nxe4 dxe4 13. Qxe4 Bf6 14. Ne5 Qa5 15. Rfd1 Rad8 16. a3 Ng6 17. Rd3 Bc8 18. Rad1 Qc7 19. f4 Ne7 20. Ng4 Ng6 21. Nxf6+ gxf6 22. Re1 a5 23. d5 exd5 24. Qxe8+ Rxe8 25. Rxe8+ Kg7 26. cxd5 cxd5 27. Re2 Ne7 28. Red2 Be6 29. h3 Kg6 30. Kh2 b6 31. Bf3 h5 32. h4 Nf5 33. Bg2 Ne7 34. Bd4 Qd6 35. Bb2 Qc7 36. Bc3 Qb7 37. b4 a4 38. Bd4 b5 39. Bc5 Bf5 40. Rd4 Qd7 41. Bf3 Qe6 42. Bxe7 Qxe7 43. Re2 Qc7 44. Bg2 Qc1 0-1

[Event "Sant Adria de Besos op 09th"]
[Site "Sant Adria de Besos"]
[Date "2013.05.05"]
[Round "4"]
[White "Palomares Fite, Jordi"]
[Black "Seijas Castro, Pedro"]
[Result "1-0"]
[WhiteElo "1966"]
[BlackElo "1708"]
[PlyCount "89"]
[EventDate "2013.04.14"]
[EventType "swiss"]
[EventRounds "9"]
[EventCountry "ESP"]
[SourceTitle "EXT 2015"]
[Source "ChessBase"]
[SourceDate "2014.11.20"]
[SourceVersion "1"]
[SourceVersionDate "2014.11.20"]
[SourceQuality "1"]

1. b3 e5 2. Bb2 d6 3. g3 Nc6 4. Bg2 Nf6 5. d3 Be7 6. Nd2 0-0 7. c4 Bf5 8. e4 Bg4 9. Ne2 Qd7 10. h3 Bh5 11. g4 Bg6 12. Ng3 Nb4 13. Ndf1 b5 14. a3 Na6 15. Ne3 Rab8 16. b4 c5 17. h4 h6 18. h5 Bh7 19. Bc3 bxc4 20. bxc5 cxd3 21. cxd6 Qxd6 22. Ngf5 Bxf5 23. Nxf5 Qc7 24. Nxe7+ Qxe7 25. Qxd3 Nc5 26. Qe2 Rfd8 27. 0-0 Nd3 28. Rab1 Nf4 29. Qe3 Rxb1 30. Rxb1 Rd3 31. Bb4 Qd7 32. Qe1 Qxg4 33. Qf1 Qxh5 34. f3 Nxe4 35. fxe4 Ne2+ 36. Kf2 Nf4 37. Rb2 Nh3+ 38. Bxh3 Qf3+ 39. Kg1 Rd1 40. Be1 Qe3+ 41. Kg2 Qxe4+ 42. Kh2 Kf8 43. Rb8+ Ke7 44. Bh4+ g5 45. Qxd1 1-0

[Event "Sant Adria de Besos op 09th"]
[Site "Sant Adria de Besos"]
[Date "2013.04.14"]
[Round "1"]
[White "Seijas Castro, Pedro"]
[Black "Serrano Pertinez, Miquel"]
[Result "0-1"]
[WhiteElo "1708"]
[BlackElo "2074"]
[PlyCount "34"]
[EventDate "2013.04.14"]
[EventType "swiss"]
[EventRounds "9"]
[EventCountry "ESP"]
[SourceTitle "EXT 2015"]
[Source "ChessBase"]
[SourceDate "2014.11.20"]
[SourceVersion "1"]
[SourceVersionDate "2014.11.20"]
[SourceQuality "1"]

1. d4 e6 2. c4 b6 3. Nc3 Bb7 4. e4 Bb4 5. Bd3 f5 6. d5 fxe4 7. Bxe4 Qh4 8. Qd3 Nf6 9. Bf3 b5 10. cxb5 Nxd5 11. a3 Bxc3+ 12. bxc3 0-0 13. Nh3 Nb4 14. axb4 Bxf3 15. 0-0 Qg4 16. Nf4 Rxf4 17. Bxf4 Qxg2# 0-1